000 01013nam a22003017a 4500
001 7781
003 FISKH
005 20250806090926.0
008 250806b cb ||||| |||| 00| 0 eng d
020 _a9780745948317
040 _aFISKH
_beng
_cFISKH
_dFISKH
050 _aPZ7.H26725 W
082 _a813.54
100 _aHartman, Bob
245 _aThe wolf who cried boy /
_cBy Bob Hartman and Tim Raglin
250 _aFirst UK edition 2003
260 _aOxford :
_bLion Children's Books ,
_c2002.
300 _a32 pages :
_bcolor illustrations ;
_c20 X 26 cm .
505 _aP
520 _aLittle Wolf is tired of eating lamburgers and sloppy does, but when he tricks his parents into thinking there is a boy in the woods, they could all miss a chance for a real feast.
521 8 _a640
_bLexile
521 8 _aP
_bRaz-Plus
650 _aWord choice
_vFiction
650 _aBoy who cried wolf
_vFiction
700 _aRaglin, Tim
_eIllustrator
942 _2ddc
_cBK
_n0
999 _c7781
_d7781